000 00633nam a2200241 i 4500
001 C2-0238407
003 PPAK
005 20180727201532.0
008 020416s2001 my |||| ||||| | may d
020 _a9836272348
040 _aPPAK
_beng
_cPPAK
_erda
082 0 4 _a899.233
_223
090 0 0 _a899.233
_bMAN
_dG
100 0 _aMana Sikana,
_eauthor
245 1 0 _aNusia
264 1 _aKuala Lumpur :
_bDewan Bahasa dan Pustaka ,
_c2001
300 _axix, 462 pages ;
_c18 cm
336 _2rdacontent
_atext
337 _2rdamedia
_aunmediated
338 _2rdacarrier
_avolume
650 1 0 _aShort stories, Malay
942 _ddc
_cB
999 _c53805
_d53805